Enfrentando el futuro

I tiakina i:
Ngā taipitopito rārangi puna kōrero
Kaituhi matua: Dror, Yehezkel (Author)
Hōputu: Pukapuka
Reo:Pāniora
I whakaputaina: Ciudad de México Fondo de Cultura Económica 1990
Putanga:1a. ed
Rangatū:Política y derecho
Ngā marau:
Ngā Tūtohu: Tāpirihia he Tūtohu
Kāore He Tūtohu, Me noho koe te mea tuatahi ki te tūtohu i tēnei pūkete!

MARC

LEADER 00000cam a2200000 a 4500
001 UCY0490
003 CL-VaPUC
008 940803e19900000MX |||||||||||||||||spa|d
020 |a 9681633938 
082 0 4 |a 320.6  |b DRO  |2 21 
100 |a Dror, Yehezkel  |e author  |9 449285 
245 1 0 |a Enfrentando el futuro 
250 |a 1a. ed 
300 |a 347 p 
942 |c BK 
945 |d 19940803 00:00:00  |a mfernand 
260 |a Ciudad de México  |b Fondo de Cultura Económica  |c 1990 
650 0 |a Ciencias Políticas  |9 255201 
650 0 |a Toma de decisiones   |9 257530 
650 0 |a Administración pública   |9 255343 
583 |a last modification  |c 20160929 09:03:00  |k Rodrigo Vera 
490 0 |a Política y derecho 
999 |c 229481  |d 229479 
952 |0 0  |1 0  |4 0  |6 320_600000000000000_DRO_1990  |7 0  |8 A  |9 230672  |a BIBING  |b BIBING  |d 2019-11-15  |i 2999919  |o 320.6 DRO 1990  |p 2999919  |r 2025-01-20  |w 2019-11-15  |y BK  |k GEO 
952 |0 0  |1 0  |3 erb  |4 0  |6 320_600000000000000_DRO_1990  |7 0  |8 A  |9 230673  |a BIBING  |b BIBING  |i 5075939  |o 320.6 DRO 1990  |p 5075939  |r 2025-01-20  |w 2019-11-15  |y BK  |z Catalogado en:20140508  |k GEO